| 000 | 01184nam a2200277Ia 4500 | ||
|---|---|---|---|
| 003 | OSt | ||
| 005 | 20221005111524.0 | ||
| 006 | a|||||r|||| 00| 0 | ||
| 007 | ta | ||
| 008 | 221004b |||||||| |||| 00| 0 hin d | ||
| 020 |
_a8172012454 (hbk) _c500 |
||
| 024 | _a92325 | ||
| 037 |
_b522, 19/03/2009, Vani Prakashan _cTextual |
||
| 040 |
_aCRL _cCRL _bhin |
||
| 041 |
_2hin _ahin |
||
| 082 | _aO1517,3NMA6,1, 152N2 | ||
| 100 |
_aवर्मा, ब्रज किशोर, मणिपद्म _9624193 |
||
| 245 | 0 | _aनैका बनजारा | |
| 246 | _aNaikā banajārā | ||
| 260 |
_aनई दिल्ली _bसाहित्य अकादेमी भारत _c1992 |
||
| 300 |
_a160प0 _ccm. |
||
| 490 | _aसाहित्य अकादेमी द्वारा पुरस्कृत मैथिली उपन्यास | ||
| 700 | _a गुंजन, गंगेश, अनु. | ||
| 942 |
_hO1517,3NMA6,1, 152N2 _cTEXL _2cc |
||
| 999 |
_c1022083 _d1022083 |
||